000 00437pab a2200181 454500
008 180718b2008 xxu||||| |||| 00| 0 eng d
100 _aGanguly, Amrita
245 _aClimatic change: respositioning Indian industries
260 _c2008
300 _ap.33-35.
362 _aJun
650 _aIndia - Industries
650 _aClimatic change
700 _aBandyopadhay, Ajeya
773 _aYojana
908 _aN
909 _a78524
999 _c78524
_d78524